| 000 | 00767nam a2200229Ia 4500 | ||
|---|---|---|---|
| 003 | GCL | ||
| 008 | 140319s9999 xx 000 0 ara d | ||
| 040 |
_aGCL / _cGCL |
||
| 082 | 0 | 4 |
_a810.8005 _bب م |
| 100 | 1 | _aالبيهقى , ابراهيم بن محمد | |
| 245 | 1 | 0 |
_aالمحاسن والمساوىء / _cالبيهقى , ابراهيم بن محمد |
| 700 | 1 | _aمحمد ابوالفضل ابراهيم | |
| 260 |
_a[S.N] : _bدار المعارف ، _c1991 |
||
| 300 | _a312 ص | ||
| 490 |
_aذخائر العرب _v0 |
||
| 650 | 0 | 4 | _aالشعر العربى |
| 650 | 0 | 4 | _aالادب العربى |
| 650 | 0 | 4 | _aدواوين وقصائد |
| 650 | 0 | 4 | _aالدولة العباسية الثانية |
| 650 | 0 | 4 | _aالمجموعات |
| 942 |
_2ddc _cBK |
||
| 999 |
_c30013 _d30013 |
||